<?xml version="1.0" encoding="UTF-8"?>
<record
    xmlns:xsi="http://www.w3.org/2001/XMLSchema-instance"
    xsi:schemaLocation="http://www.loc.gov/MARC21/slim http://www.loc.gov/standards/marcxml/schema/MARC21slim.xsd"
    xmlns="http://www.loc.gov/MARC21/slim">

  <leader>01884nam0a2200385   4500</leader>
  <controlfield tag="001">RU\NLR\BIBL_A\011963623</controlfield>
  <controlfield tag="005">20190416095947.0</controlfield>
  <datafield tag="010" ind1=" " ind2=" ">
    <subfield code="a">978-5-91556-484-7</subfield>
  </datafield>
  <datafield tag="021" ind1=" " ind2=" ">
    <subfield code="a">RU</subfield>
    <subfield code="b">&#x41A;&#x41D;-&#x41F;-19-010737</subfield>
    <subfield code="9">&#x41A;&#x41D;-&#x41F;-19-0788</subfield>
  </datafield>
  <datafield tag="035" ind1=" " ind2=" ">
    <subfield code="a">(NLR Aleph) 011963623</subfield>
  </datafield>
  <datafield tag="035" ind1=" " ind2=" ">
    <subfield code="a">(RuMoRGB)009894715</subfield>
  </datafield>
  <datafield tag="090" ind1=" " ind2=" ">
    <subfield code="a">11218016</subfield>
    <subfield code="c">11218016</subfield>
  </datafield>
  <datafield tag="100" ind1=" " ind2=" ">
    <subfield code="a">20190319d2017    k  y0rusy50      ca</subfield>
  </datafield>
  <datafield tag="101" ind1="1" ind2=" ">
    <subfield code="a">rus</subfield>
    <subfield code="c">eng</subfield>
  </datafield>
  <datafield tag="102" ind1=" " ind2=" ">
    <subfield code="a">RU</subfield>
    <subfield code="a">CH</subfield>
  </datafield>
  <datafield tag="105" ind1=" " ind2=" ">
    <subfield code="a">a|||z|||000zy</subfield>
  </datafield>
  <datafield tag="200" ind1="1" ind2=" ">
    <subfield code="a">&#x418;&#x43D;&#x444;&#x435;&#x43A;&#x446;&#x438;&#x438; &#x43E;&#x43F;&#x43E;&#x440;&#x43D;&#x43E;-&#x434;&#x432;&#x438;&#x433;&#x430;&#x442;&#x435;&#x43B;&#x44C;&#x43D;&#x43E;&#x433;&#x43E; &#x430;&#x43F;&#x43F;&#x430;&#x440;&#x430;&#x442;&#x430;. &#x41E;&#x441;&#x43D;&#x43E;&#x432;&#x43D;&#x44B;&#x435; &#x43F;&#x440;&#x438;&#x43D;&#x446;&#x438;&#x43F;&#x44B;, &#x43F;&#x440;&#x43E;&#x444;&#x438;&#x43B;&#x430;&#x43A;&#x442;&#x438;&#x43A;&#x430;, &#x434;&#x438;&#x430;&#x433;&#x43D;&#x43E;&#x441;&#x442;&#x438;&#x43A;&#x430; &#x438; &#x43B;&#x435;&#x447;&#x435;&#x43D;&#x438;&#x435;</subfield>
    <subfield code="f">&#x41F;&#x435;&#x442;&#x435;&#x440; &#x415;. &#x41E;&#x43A;&#x441;&#x43D;&#x435;&#x440;, &#x41E;&#x43B;&#x438;&#x432;&#x435;&#x440; &#x411;&#x43E;&#x440;&#x435;&#x43D;&#x441;, &#x41F;&#x430;&#x443;&#x43B;-&#x41C;&#x438;&#x445;&#x430;&#x44D;&#x43B;&#x44C; &#x411;&#x43E;&#x434;&#x43B;&#x435;&#x440; [&#x438; &#x434;&#x440;.</subfield>
    <subfield code="g">&#x43F;&#x435;&#x440;&#x435;&#x432;&#x43E;&#x434; &#x441; &#x430;&#x43D;&#x433;&#x43B;&#x438;&#x439;&#x441;&#x43A;&#x43E;&#x433;&#x43E;: &#x414;. &#x412;. &#x411;&#x443;&#x440;&#x43A;&#x43E;&#x432; &#x438; &#x434;&#x440;.]</subfield>
  </datafield>
  <datafield tag="205" ind1=" " ind2=" ">
    <subfield code="a">1-&#x435; &#x438;&#x437;&#x434;. &#x432; &#x420;&#x43E;&#x441;&#x441;&#x438;&#x438;</subfield>
  </datafield>
  <datafield tag="210" ind1=" " ind2=" ">
    <subfield code="a">&#x411;&#x430;&#x440;&#x43D;&#x430;&#x443;&#x43B;</subfield>
    <subfield code="c">&#x41A;&#x43E;&#x43B;&#x43C;&#x43E;&#x433;&#x43E;&#x440;&#x43E;&#x432; &#x418;.&#x410;.</subfield>
    <subfield code="a">&#x413;&#x440;&#x430;&#x43D;&#x432;&#x43E;</subfield>
    <subfield code="c">&#x428;&#x432;&#x435;&#x439;&#x446;&#x430;&#x440;&#x441;&#x43A;&#x430;&#x44F; &#x43E;&#x440;&#x442;&#x43E;&#x43F;&#x435;&#x434;&#x438;&#x44F;</subfield>
    <subfield code="e">&#x43E;&#x442;&#x43F;&#x435;&#x447;&#x430;&#x442;&#x430;&#x43D;&#x43E; &#x432; &#x420;&#x43E;&#x441;&#x441;&#x438;&#x438;</subfield>
    <subfield code="d">2017</subfield>
  </datafield>
  <datafield tag="215" ind1=" " ind2=" ">
    <subfield code="a">250 &#x441;.</subfield>
    <subfield code="c">&#x438;&#x43B;., &#x446;&#x432;. &#x438;&#x43B;., &#x442;&#x430;&#x431;&#x43B;.</subfield>
    <subfield code="d">19</subfield>
  </datafield>
  <datafield tag="300" ind1=" " ind2=" ">
    <subfield code="a">&#x41D;&#x430; &#x43E;&#x431;&#x43B;. &#x430;&#x432;&#x442;. &#x43D;&#x435; &#x443;&#x43A;&#x430;&#x437;&#x430;&#x43D;&#x44B;</subfield>
  </datafield>
  <datafield tag="320" ind1=" " ind2=" ">
    <subfield code="a">&#x411;&#x438;&#x431;&#x43B;&#x438;&#x43E;&#x433;&#x440;. &#x432; &#x43A;&#x43E;&#x43D;&#x446;&#x435; &#x440;&#x430;&#x437;&#x434;.</subfield>
  </datafield>
  <datafield tag="606" ind1="1" ind2=" ">
    <subfield code="a">&#x41E;&#x43F;&#x43E;&#x440;&#x43D;&#x43E;-&#x434;&#x432;&#x438;&#x433;&#x430;&#x442;&#x435;&#x43B;&#x44C;&#x43D;&#x44B;&#x439; &#x430;&#x43F;&#x43F;&#x430;&#x440;&#x430;&#x442;</subfield>
    <subfield code="x">&#x418;&#x43D;&#x444;&#x435;&#x43A;&#x446;&#x438;&#x438;</subfield>
    <subfield code="2">nlr_sh2</subfield>
    <subfield code="3">RU\NLR\AUTH\6601653792</subfield>
  </datafield>
  <datafield tag="610" ind1="0" ind2=" ">
    <subfield code="a">&#x438;&#x43D;&#x444;&#x435;&#x43A;&#x446;&#x438;&#x438; &#x43E;&#x43F;&#x43E;&#x440;&#x43D;&#x43E;-&#x434;&#x432;&#x438;&#x433;&#x430;&#x442;&#x435;&#x43B;&#x44C;&#x43D;&#x43E;&#x433;&#x43E; &#x430;&#x43F;&#x43F;&#x430;&#x440;&#x430;&#x442;&#x430;</subfield>
  </datafield>
  <datafield tag="686" ind1="1" ind2=" ">
    <subfield code="a">&#x420;456.148</subfield>
  </datafield>
  <datafield tag="686" ind1="1" ind2=" ">
    <subfield code="a">&#x420;456.144</subfield>
  </datafield>
  <datafield tag="701" ind1=" " ind2="1">
    <subfield code="a">&#x41E;&#x43A;&#x441;&#x43D;&#x435;&#x440;</subfield>
    <subfield code="b">&#x41F;. &#x415;.</subfield>
    <subfield code="g">&#x41F;&#x435;&#x442;&#x435;&#x440; &#x415;</subfield>
  </datafield>
  <datafield tag="701" ind1=" " ind2="1">
    <subfield code="a">&#x411;&#x43E;&#x440;&#x435;&#x43D;&#x441;</subfield>
    <subfield code="b">&#x41E;.</subfield>
    <subfield code="g">&#x41E;&#x43B;&#x438;&#x432;&#x435;&#x440;</subfield>
  </datafield>
  <datafield tag="701" ind1=" " ind2="1">
    <subfield code="a">&#x411;&#x43E;&#x434;&#x43B;&#x435;&#x440;</subfield>
    <subfield code="b">&#x41F;.-&#x41C;.</subfield>
    <subfield code="g">&#x41F;&#x430;&#x443;&#x43B;&#x44C;-&#x41C;&#x438;&#x445;&#x430;&#x44D;&#x43B;&#x44C;</subfield>
  </datafield>
  <datafield tag="942" ind1=" " ind2=" ">
    <subfield code="c">BOOK</subfield>
  </datafield>
  <datafield tag="980" ind1=" " ind2=" ">
    <subfield code="a">NBR</subfield>
  </datafield>
  <datafield tag="980" ind1=" " ind2=" ">
    <subfield code="a">NB</subfield>
  </datafield>
</record>
